| 000 | 00368cam a2200145ua 4500 | ||
|---|---|---|---|
| 041 |
_aeng _h |
||
| 082 |
_a951 _bYUT/MY |
||
| 100 | _aYutang , Lin . | ||
| 245 |
_aMy country and my people / _cLin Yutang. _hTextual Documents |
||
| 260 |
_aLondon : _bHeinemann Educational Books Ltd. , _c1962. |
||
| 300 | _a419 ; . | ||
| 504 | _a | ||
| 942 | _cBK | ||
| 999 |
_c4412 _d4412 |
||